[Event "ENCI Limburg-open B"]
[Site "Maastricht"]
[Date "2008.05.12"]
[Round "7"]
[White "Van Steenwinckel, Hugo"]
[Black "Van Herck, Rob"]
[Result "0-1"]
[WhiteElo "1699"]
[BlackElo "1516"]
[PlyCount "70"]
[EventDate "2008.05.09"]
[EventType "swiss"]
[EventRounds "7"]
[EventCountry "NED"]
[Source "P.Boonen"]
[SourceDate "2010.01.01"]

1. e4 d5 2. exd5 Qxd5 3. Nc3 Qa5 4. d4 c6 5. Bd2 Nf6 6. Nf3 Bg4 7. Be2 Qc7 8.
O-O e6 9. h3 Bh5 10. Ne5 Bxe2 11. Qxe2 Bd6 12. Bf4 Nd5 13. Nxd5 cxd5 14. Qd2
Nc6 15. Rfe1 Rc8 16. c3 O-O 17. Bg3 Nxe5 18. Bxe5 Bxe5 19. Rxe5 a5 20. a3 a4
21. Rae1 b5 22. R1e3 g6 23. Rf3 Qe7 24. Qh6 f6 25. Re2 Rfe8 26. Rfe3 Qd7 27. h4
Re7 28. Rg3 Rg7 29. Ree3 e5 30. h5 Qf5 31. Ref3 Qb1+ 32. Kh2 exd4 33. Rh3 Re8
34. hxg6 Re1 35. Kg3 Rxg6+ 0-1

[Event "ENCI Limburg-open B"]
[Site "Maastricht"]
[Date "2008.05.12"]
[Round "7"]
[White "Van den Heede, Dorian"]
[Black "Kers, Kyra Tiana"]
[Result "1-0"]
[WhiteElo "1686"]
[BlackElo "1385"]
[PlyCount "137"]
[EventDate "2008.05.09"]
[EventType "swiss"]
[EventRounds "7"]
[EventCountry "NED"]
[Source "P.Boonen"]
[SourceDate "2010.01.01"]

1. e4 e5 2. f4 Nc6 3. Nf3 d6 4. Bc4 Be7 5. O-O Nf6 6. d3 O-O 7. Nc3 Bg4 8. h3
Be6 9. Bb5 exf4 10. Bxf4 Nh5 11. Be3 Ng3 12. Re1 f5 13. Bxc6 bxc6 14. Bf2 f4
15. Ne2 Bh4 16. Ned4 Bd7 17. c3 c5 18. Nb3 Be8 19. Nbd2 Bh5 20. Qa4 Be7 21. Qa5
Bg6 22. Rad1 c6 23. Qxd8 Raxd8 24. Bxg3 fxg3 25. Nf1 Bh5 26. Re3 Rb8 27. Rd2
Bxf3 28. Rxf3 Rxf3 29. gxf3 Bg5 30. Re2 Bf4 31. Kg2 Kf7 32. Nxg3 Bxg3 33. Kxg3
Kf6 34. b3 Rf8 35. f4 Re8 36. Kg4 g6 37. h4 h5+ 38. Kf3 d5 39. e5+ Kf5 40. Rg2
Rg8 41. Rd2 Rd8 42. Rb2 a6 43. b4 c4 44. Rd2 cxd3 45. Rxd3 Rb8 46. Rd2 Ra8 47.
Rb2 Rd8 48. a3 Rb8 49. Rg2 Rg8 50. Rg5+ Ke6 51. Ke3 Kf7 52. f5 Re8 53. Kf4 gxf5
54. Kxf5 Rf8 55. e6+ Ke7+ 56. Ke5 Rf3 57. Rg7+ Kf8 58. Rf7+ Rxf7 59. exf7 Kxf7
60. Kd6 Kf6 61. Kxc6 Kf5 62. Kxd5 Kg4 63. c4 Kxh4 64. c5 Kg3 65. c6 h4 66. c7
h3 67. c8=Q h2 68. Qh8 Kg2 69. Qxh2+ 1-0

[Event "ENCI Limburg-open B"]
[Site "Maastricht"]
[Date "2008.05.12"]
[Round "7"]
[White "Vancleef, Arne"]
[Black "De Ridder, Naomi"]
[Result "1/2-1/2"]
[WhiteElo "1517"]
[BlackElo "1302"]
[PlyCount "89"]
[EventDate "2008.05.09"]
[EventType "swiss"]
[EventRounds "7"]
[EventCountry "NED"]
[Source "P.Boonen"]
[SourceDate "2010.01.01"]

1. d4 d5 2. e3 Nc6 3. Nf3 Bg4 4. Nbd2 e5 5. h3 Bxf3 6. Nxf3 e4 7. Nd2 Nf6 8. f3
Bd6 9. f4 Nd7 10. b3 Qh4+ 11. Ke2 g5 12. Qe1 Qxe1+ 13. Kxe1 gxf4 14. Nb1 Bb4+
15. Bd2 fxe3 16. Bxb4 Nxb4 17. Na3 Rg8 18. Ke2 Rg3 19. c3 Nd3 20. Nc2 Nf4+ 21.
Ke1 O-O-O 22. Rg1 Rdg8 23. Rb1 e2 24. Bxe2 Nxe2 25. Kxe2 Rxg2+ 26. Rxg2 Rxg2+
27. Kd1 Rg1+ 28. Ne1 Rh1 29. Rc1 Rxh3 30. a4 f5 31. Ng2 Rg3 32. Nf4 Rg4 33.
Nxd5 Kd8 34. Rc2 Rg1+ 35. Kd2 h5 36. Ke3 Rg3+ 37. Kf4 Rf3+ 38. Kg5 c6 39. Nf4
e3 40. Re2 h4 41. Kxf5 Rg3 42. Ng2 h3 43. Ne1 c5 44. Kf4 Rg1 45. Nf3 1/2-1/2

[Event "ENCI Limburg-open B"]
[Site "Maastricht"]
[Date "2008.05.12"]
[Round "7"]
[White "Verstraeten, Reinaert"]
[Black "Van Kesteren, Stef"]
[Result "0-1"]
[WhiteElo "1724"]
[BlackElo "1859"]
[PlyCount "84"]
[EventDate "2008.05.09"]
[EventType "swiss"]
[EventRounds "7"]
[EventCountry "NED"]
[Source "P.Boonen"]
[SourceDate "2010.01.01"]

1. e4 Nc6 2. d4 d5 3. exd5 Qxd5 4. Be3 Bf5 5. Nf3 O-O-O 6. Be2 f6 7. O-O e6 8.
a3 g5 9. c4 Qd7 10. Nc3 Nge7 11. b4 g4 12. Nh4 Nxd4 13. Bxg4 Bd3 14. Ne2 Nc2
15. Rc1 Nxe3 16. fxe3 f5 17. Bf3 Bh6 18. Kf2 Nc6 19. Re1 Ne5 20. Nf4 Bxf4 21.
exf4 Qd4+ 22. Kg3 Rhg8+ 23. Kh3 Qxf4 24. g3 Qd4 25. c5 Ng4 26. Bxg4 fxg4+ 27.
Kg2 Rgf8 28. Kh1 Rf2 29. Ng2 Rxg2 30. Kxg2 Be4+ 31. Rxe4 Qxe4+ 32. Kg1 Rxd1+
33. Rxd1 Qe3+ 34. Kf1 Qf3+ 35. Ke1 Qh1+ 36. Kd2 Qxh2+ 37. Kc1 Qxg3 38. c6 Qc3+
39. Kb1 bxc6 40. Rc1 Qxa3 41. Rc2 Qd3 42. Kb2 Qxc2+ 0-1

[Event "ENCI Limburg-open B"]
[Site "Maastricht"]
[Date "2008.05.12"]
[Round "7"]
[White "Whitmire, James David"]
[Black "Heuts, John"]
[Result "1-0"]
[WhiteElo "1589"]
[BlackElo "1746"]
[PlyCount "79"]
[EventDate "2008.05.09"]
[EventType "swiss"]
[EventRounds "7"]
[EventCountry "NED"]
[Source "P.Boonen"]
[SourceDate "2010.01.01"]

1. Nf3 d5 2. d4 Nf6 3. c4 e6 4. Nc3 c6 5. cxd5 exd5 6. Bg5 Be7 7. e3 O-O 8. Bd3
Bg4 9. h3 Bh5 10. O-O Ne4 11. Bxe7 Qxe7 12. g4 Bg6 13. Ne5 Nd7 14. f4 Nxe5 15.
fxe5 f6 16. Nxe4 Bxe4 17. Bxe4 dxe4 18. Qb3+ Kh8 19. exf6 Qc7 20. fxg7+ Kxg7
21. Kg2 Rf3 22. Rxf3 exf3+ 23. Kxf3 Rf8+ 24. Kg2 Qe7 25. Qd3 Qb4 26. Qc3 Qb5
27. Re1 h5 28. d5+ Kg6 29. gxh5+ Kxh5 30. Qe5+ Kg6 31. Qg3+ Kh7 32. Qh4+ Kg6
33. Rg1 Qxd5+ 34. Kh2+ Kf7 35. Rf1+ Ke8 36. Rxf8+ Kxf8 37. Qf4+ Kg7 38. Qd4+
Qxd4 39. exd4 b6 40. Kg3 1-0